Flags of Europe #4 - Statistics

General Stats
  • This quiz has been taken 55 times
  • The average score is 8 of 8
Answer Stats
Picture Answer % Correct
Bosnia
98%
Croatia
98%
Serbia
96%
Cyprus
94%
Montenegro
94%
San Marino
94%
Andorra
92%
Lithuania
90%
No matching quizzes found
Score Distribution
Percent of People with Each Score
Percentile by Number Answered
Your Score History
You have not taken this quiz